उत्पीड़न की यात्रा (Record no. 4309)

MARC details
000 -LEADER
fixed length control field 01207 a2200253 4500
005 - DATE AND TIME OF LATEST TRANSACTION
control field 2008090509419.0
008 - FIXED-LENGTH DATA ELEMENTS--GENERAL INFORMATION
fixed length control field 080905t xxu||||| |||| 00| 0 hin d
010 ## - LIBRARY OF CONGRESS CONTROL NUMBER
LC control number HIN-79958
020 ## - INTERNATIONAL STANDARD BOOK NUMBER
International Standard Book Number 8190153544
Terms of availability 80.00
035 ## - SYSTEM CONTROL NUMBER
System control number HN-52304
037 ## - SOURCE OF ACQUISITION
Source of stock number/acquisition D.B.Act / pub
082 ## - DEWEY DECIMAL CLASSIFICATION NUMBER
Classification number 821
100 ## - MAIN ENTRY--PERSONAL NAME
Personal name लक्ष्मीनारायण सुधाकर
245 ## - TITLE STATEMENT
Title उत्पीड़न की यात्रा
Statement of responsibility, etc लक्ष्मीनारायण सुधाकर
246 ## - VARYING FORM OF TITLE
Title proper/short title Utpeedan ki Yatra
Remainder of title by Laxminarayan Sudakar
260 ## - PUBLICATION, DISTRIBUTION, ETC. (IMPRINT)
Place of publication, distribution, etc दिल्ली
Name of publisher, distributor, etc कंचन प्रकाशन
Date of publication, distribution, etc 2007
270 ## - ADDRESS
Address 30/64,गली नं.8,विश्वास नगर,शाहदरा
City दिल्ली
Postal code 110032
300 ## - PHYSICAL DESCRIPTION
Extent 64पृ
Dimensions 22 सेमी (सजिल्द)
500 ## - GENERAL NOTE
General note 1996 मे आई हुई है
650 ## - SUBJECT ADDED ENTRY--TOPICAL TERM
Topical term or geographic name as entry element हिन्दी कविताएँ
650 ## - SUBJECT ADDED ENTRY--TOPICAL TERM
Topical term or geographic name as entry element Hindi Poems
942 ## - ADDED ENTRY ELEMENTS (KOHA)
Institution code [OBSOLETE] dpl
Koha item type Hindi Books
Call number prefix 821/ लक्ष्मीना
Source of classification or shelving scheme Dewey Decimal Classification
Classification part 821
Call number suffix लक्ष्मीना
Holdings
Withdrawn status Lost status Damaged status Not for loan Home library Current library Date acquired Total Checkouts Full call number Barcode Date last seen Copy number Uniform Resource Identifier Cost, replacement price Price effective from Koha item type
        D.B.Act.Division D.B.Act.Division     821 लक्ष्मीना HN-52304 15/09/2008 1 4558 80.00 15/09/2008 Hindi Books

© Delhi Public Library
Hit Counter
free hit counter